=LDR 00000nam 2200000 4500 =001 INLIS000000000016541 =005 20130612111825 =008 ***********************************Ind** =035 ##$$a0010-061300000016541 =041 ##$$a Ind =082 ##$$a 2x4.01 =090 ##$$a 2x4.01, Bas p =100 ##$$a Basyr, KH. Ahmad Azhar =245 ##$$a Pokok-pokok persoalan filsafat hukum islam, KH. Ahmad Azhar Basyir =260 ##$$a 2000 $b Yogyakarta =300 ##$$a viii, 66 hlm, 19 cm =650 ##$$a Hukum Islam-Filsafat =850 ##$$a NBPNMAT =990 ##$$a 0001/BPAP-NTB/20142014